[Event "ODJM A 2024"]
[Site "Willingen GER"]
[Date "2024.05.19"]
[Round "2"]
[White "Niesel, Tobias"]
[Black "Ruddat, Jarne"]
[Result "1-0"]
[Termination "normal"]
[Board "13"]
[WhiteElo "1943"]
[BlackElo "1854"]
[WhiteClock "00:15:28"]
[BlackClock "01:23:09"]
[PlyCount "137"]
[WhiteFideId "12962155"]
[BlackFideId "16254236"]
[EventCountry "GER"]
[EventRounds "9"]
[EventType "swiss"]
[EventDate "2024.05.18"]

1. c4 {[%clk 01:30:54]} {[%emt 00:00:05]} c5 {[%clk 01:30:56]} {[%emt
00:00:05]} 2. g3 {[%clk 01:31:17]} {[%emt 00:00:07]} g6 {[%clk 01:31:20]}
{[%emt 00:00:06]} 3. Bg2 {[%clk 01:31:41]} {[%emt 00:00:05]} Bg7 {[%clk
01:31:47]} {[%emt 00:00:04]} 4. Nc3 {[%clk 01:32:03]} {[%emt 00:00:08]} Nc6
{[%clk 01:32:13]} {[%emt 00:00:04]} 5. a3 {[%clk 01:32:28]} {[%emt 00:00:06]}
d6 {[%clk 01:32:30]} {[%emt 00:00:13]} 6. Rb1 {[%clk 01:32:51]} {[%emt
00:00:06]} a5 {[%clk 01:32:54]} {[%emt 00:00:05]} 7. d3 {[%clk 01:31:40]}
{[%emt 00:01:41]} Bd7 {[%clk 01:28:04]} {[%emt 00:05:21]} 8. e3 {[%clk
01:30:28]} {[%emt 00:01:42]} Nh6 {[%clk 01:25:56]} {[%emt 00:02:38]} 9. Nge2
{[%clk 01:27:55]} {[%emt 00:03:02]} Nf5 {[%clk 01:26:08]} {[%emt 00:00:19]} 10.
Bd2 {[%clk 01:16:17]} {[%emt 00:12:08]} O-O {[%clk 01:24:31]} {[%emt 00:02:07]}
11. O-O {[%clk 01:13:10]} {[%emt 00:03:37]} Rb8 {[%clk 01:19:17]} {[%emt
00:05:44]} 12. Nb5 {[%clk 01:09:25]} {[%emt 00:04:15]} Ne5 {[%clk 01:16:21]}
{[%emt 00:03:26]} 13. Bc3 {[%clk 01:03:14]} {[%emt 00:06:40]} Bc6 {[%clk
01:13:07]} {[%emt 00:03:45]} 14. e4 {[%clk 00:56:31]} {[%emt 00:07:11]} Nh6
{[%clk 01:12:11]} {[%emt 00:01:27]} 15. Qd2 {[%clk 00:56:14]} {[%emt 00:00:47]}
b6 {[%clk 01:09:55]} {[%emt 00:02:47]} 16. f4 {[%clk 00:54:01]} {[%emt
00:02:43]} Nd7 {[%clk 01:08:47]} {[%emt 00:01:37]} 17. Bxg7 {[%clk 00:51:21]}
{[%emt 00:03:11]} Kxg7 {[%clk 01:06:51]} {[%emt 00:02:26]} 18. d4 {[%clk
00:48:41]} {[%emt 00:03:09]} cxd4 {[%clk 01:02:39]} {[%emt 00:04:43]} 19. Nexd4
{[%clk 00:45:34]} {[%emt 00:03:37]} Bxb5 {[%clk 01:02:33]} {[%emt 00:00:36]}
20. cxb5 {[%clk 00:43:26]} {[%emt 00:02:39]} Rc8 {[%clk 01:02:35]} {[%emt
00:00:27]} 21. Nc6 {[%clk 00:43:27]} {[%emt 00:00:29]} Qe8 {[%clk 01:02:27]}
{[%emt 00:00:39]} 22. Rbd1 {[%clk 00:41:20]} {[%emt 00:02:36]} Nb8 {[%clk
01:00:31]} {[%emt 00:02:26]} 23. e5 {[%clk 00:33:09]} {[%emt 00:08:41]} dxe5
{[%clk 00:59:41]} {[%emt 00:01:20]} 24. Qc3 {[%clk 00:28:07]} {[%emt 00:05:32]}
f6 {[%clk 00:57:30]} {[%emt 00:02:40]} 25. fxe5 {[%clk 00:25:25]} {[%emt
00:03:13]} Ng4 {[%clk 00:54:59]} {[%emt 00:03:01]} 26. exf6+ {[%clk 00:22:54]}
{[%emt 00:03:01]} exf6 {[%clk 00:54:55]} {[%emt 00:00:34]} 27. Rfe1 {[%clk
00:21:26]} {[%emt 00:01:58]} Ne5 {[%clk 00:55:09]} {[%emt 00:00:16]} 28. Qd4
{[%clk 00:15:20]} {[%emt 00:06:37]} Nbxc6 {[%clk 00:54:01]} {[%emt 00:01:38]}
29. bxc6 {[%clk 00:15:41]} {[%emt 00:00:08]} Qe7 {[%clk 00:50:51]} {[%emt
00:03:40]} 30. Qxb6 {[%clk 00:15:06]} {[%emt 00:01:05]} Qc7 {[%clk 00:51:10]}
{[%emt 00:00:10]} 31. Qxc7+ {[%clk 00:10:51]} {[%emt 00:04:46]} Rxc7 {[%clk
00:51:36]} {[%emt 00:00:04]} 32. Rd6 {[%clk 00:09:58]} {[%emt 00:01:22]} Rb8
{[%clk 00:50:52]} {[%emt 00:01:15]} 33. Re2 {[%clk 00:08:37]} {[%emt 00:01:50]}
Rbc8 {[%clk 00:50:08]} {[%emt 00:01:15]} 34. Rc2 {[%clk 00:07:43]} {[%emt
00:01:23]} Kf7 {[%clk 00:50:01]} {[%emt 00:00:37]} 35. Bd5+ {[%clk 00:08:01]}
{[%emt 00:00:13]} Kg7 {[%clk 00:49:48]} {[%emt 00:00:42]} 36. b3 {[%clk
00:05:14]} {[%emt 00:03:17]} Nf7 {[%clk 00:48:28]} {[%emt 00:05:42]} 37. Bxf7
{[%clk 00:03:15]} {[%emt 00:00:02]} Kxf7 {[%clk 00:48:53]} 38. Rd7+ {[%clk
00:01:55]} {[%emt 00:00:30]} Ke6 {[%clk 00:49:13]} {[%emt 00:00:10]} 39. Re2+
{[%clk 00:02:05]} {[%emt 00:00:20]} Kf5 {[%clk 00:49:27]} {[%emt 00:00:16]} 40.
Rd5+ {[%clk 00:02:17]} {[%emt 00:00:18]} Kg4 {[%clk 00:49:48]} {[%emt
00:00:08]} 41. Re4+ {[%clk 00:02:40]} {[%emt 00:00:08]} Kf3 {[%clk 00:50:09]}
{[%emt 00:00:09]} 42. Rf4+ {[%clk 00:01:55]} {[%emt 00:01:15]} Ke3 {[%clk
00:50:26]} {[%emt 00:00:13]} 43. Rxf6 {[%clk 00:00:47]} {[%emt 00:01:39]} Rxc6
{[%clk 00:50:51]} {[%emt 00:00:04]} 44. Re5+ {[%clk 00:00:56]} {[%emt
00:00:21]} Kd4 {[%clk 00:50:44]} {[%emt 00:00:37]} 45. Rxc6 {[%clk 00:01:17]}
{[%emt 00:00:10]} Rxc6 {[%clk 00:51:11]} {[%emt 00:00:03]} 46. Rxa5 {[%clk
00:01:41]} {[%emt 00:00:06]} Rc3 {[%clk 00:51:11]} {[%emt 00:00:28]} 47. b4
{[%clk 00:29:32]} {[%emt 00:02:40]} Ke4 {[%clk 01:21:23]} {[%emt 00:00:18]} 48.
Kg2 {[%clk 00:29:15]} {[%emt 00:00:47]} h6 {[%clk 01:20:15]} {[%emt 00:01:38]}
49. b5 {[%clk 00:27:04]} {[%emt 00:02:41]} Kd5 {[%clk 01:18:33]} {[%emt
00:02:12]} 50. a4 {[%clk 00:24:34]} {[%emt 00:03:00]} Kc5 {[%clk 01:18:09]}
{[%emt 00:00:54]} 51. Ra6 {[%clk 00:24:46]} {[%emt 00:00:18]} Ra3 {[%clk
01:18:36]} {[%emt 00:00:03]} 52. b6 {[%clk 00:23:53]} {[%emt 00:01:23]} Kc6
{[%clk 01:18:48]} {[%emt 00:00:18]} 53. a5 {[%clk 00:23:47]} {[%emt 00:00:36]}
Kb7 {[%clk 01:19:14]} {[%emt 00:00:04]} 54. Ra7+ {[%clk 00:24:10]} {[%emt
00:00:07]} Kb8 {[%clk 01:19:40]} {[%emt 00:00:05]} 55. Kh3 {[%clk 00:23:40]}
{[%emt 00:00:59]} Ra2 {[%clk 01:19:54]} {[%emt 00:00:16]} 56. Rh7 {[%clk
00:17:44]} {[%emt 00:06:26]} Rxa5 {[%clk 01:19:31]} {[%emt 00:00:53]} 57. Rxh6
{[%clk 00:18:02]} {[%emt 00:00:12]} g5 {[%clk 01:19:46]} {[%emt 00:00:14]} 58.
Kg4 {[%clk 00:18:16]} {[%emt 00:00:16]} Kb7 {[%clk 01:20:12]} {[%emt 00:00:05]}
59. Rg6 {[%clk 00:17:55]} {[%emt 00:00:51]} Rb5 {[%clk 01:20:33]} {[%emt
00:00:09]} 60. h3 {[%clk 00:17:41]} {[%emt 00:00:44]} Ra5 {[%clk 01:20:43]}
{[%emt 00:00:21]} 61. Rxg5 {[%clk 00:16:37]} {[%emt 00:01:33]} Ra4+ {[%clk
01:21:07]} {[%emt 00:00:22]} 62. Kh5 {[%clk 00:16:12]} {[%emt 00:00:53]} Kxb6
{[%clk 01:21:33]} 63. h4 {[%clk 00:15:53]} {[%emt 00:03:58]} Kc6 {[%clk
01:21:58]} 64. Kg6 {[%clk 00:16:10]} Kd7 {[%clk 01:22:18]} 65. h5 {[%clk
00:15:03]} {[%emt 00:00:06]} Ke6 {[%clk 01:22:04]} {[%emt 00:00:05]} 66. h6
{[%clk 00:15:06]} {[%emt 00:00:04]} Ra8 {[%clk 01:22:16]} {[%emt 00:00:01]} 67.
h7 {[%clk 00:15:13]} {[%emt 00:00:20]} Rb8 {[%clk 01:22:42]} {[%emt 00:00:05]}
68. Kg7 {[%clk 00:15:12]} {[%emt 00:00:31]} Rb7+ {[%clk 01:23:09]} {[%emt
00:00:04]} 69. Kh6 {[%clk 00:15:28]} {[%emt 00:00:14]} 1-0

[Event "ODJM A 2024"]
[Site "Willingen GER"]
[Date "2024.05.19"]
[Round "2"]
[White "Hofmann, Lorenz"]
[Black "Limberg, Thomas"]
[Result "1/2-1/2"]
[Termination "normal"]
[Board "14"]
[WhiteElo "2124"]
[BlackElo "1783"]
[WhiteClock "00:03:06"]
[BlackClock "00:04:35"]
[PlyCount "127"]
[WhiteFideId "12995509"]
[BlackFideId "16226755"]
[EventCountry "GER"]
[EventRounds "9"]
[EventType "swiss"]
[EventDate "2024.05.18"]

1. d4 {[%clk 01:30:58]} d5 {[%clk 01:30:35]} {[%emt 00:00:25]} 2. Nc3 {[%clk
01:31:24]} {[%emt 00:00:04]} Nf6 {[%clk 01:30:18]} {[%emt 00:00:48]} 3. Bf4
{[%clk 01:31:50]} {[%emt 00:00:04]} e6 {[%clk 01:29:45]} {[%emt 00:01:03]} 4.
e3 {[%clk 01:32:11]} {[%emt 00:00:09]} Bd6 {[%clk 01:29:06]} {[%emt 00:01:09]}
5. Bg3 {[%clk 01:28:22]} {[%emt 00:04:18]} O-O {[%clk 01:28:10]} {[%emt
00:01:27]} 6. Bd3 {[%clk 01:27:02]} {[%emt 00:01:50]} Nc6 {[%clk 01:24:35]}
{[%emt 00:04:06]} 7. f4 {[%clk 01:25:53]} {[%emt 00:01:38]} Ne7 {[%clk
01:22:15]} {[%emt 00:02:49]} 8. Nf3 {[%clk 01:18:39]} {[%emt 00:07:44]} Nf5
{[%clk 01:18:29]} {[%emt 00:04:17]} 9. Bf2 {[%clk 01:13:31]} {[%emt 00:05:38]}
c5 {[%clk 01:11:50]} {[%emt 00:07:09]} 10. Qd2 {[%clk 01:09:14]} {[%emt
00:04:47]} cxd4 {[%clk 01:06:20]} {[%emt 00:06:00]} 11. exd4 {[%clk 01:09:38]}
{[%emt 00:00:06]} Ne7 {[%clk 01:06:07]} {[%emt 00:00:43]} 12. Bh4 {[%clk
00:50:56]} {[%emt 00:19:11]} Ng6 {[%clk 00:58:57]} {[%emt 00:07:41]} 13. Bxf6
{[%clk 00:43:46]} {[%emt 00:07:39]} Qxf6 {[%clk 00:59:17]} {[%emt 00:00:10]}
14. g3 {[%clk 00:43:55]} {[%emt 00:00:21]} a6 {[%clk 00:50:12]} {[%emt
00:09:35]} 15. Nd1 {[%clk 00:42:14]} {[%emt 00:02:11]} Bd7 {[%clk 00:44:08]}
{[%emt 00:06:34]} 16. Ne3 {[%clk 00:40:10]} {[%emt 00:02:34]} Bb5 {[%clk
00:38:10]} {[%emt 00:06:29]} 17. Ng4 {[%clk 00:38:43]} {[%emt 00:01:57]} Qe7
{[%clk 00:37:47]} {[%emt 00:00:52]} 18. Nge5 {[%clk 00:37:47]} {[%emt
00:01:27]} Bxe5 {[%clk 00:36:23]} {[%emt 00:01:54]} 19. dxe5 {[%clk 00:34:25]}
{[%emt 00:03:52]} Bxd3 {[%clk 00:34:10]} {[%emt 00:02:44]} 20. cxd3 {[%clk
00:34:49]} {[%emt 00:00:05]} Rac8 {[%clk 00:34:11]} {[%emt 00:00:29]} 21. Ke2
{[%clk 00:34:50]} {[%emt 00:00:28]} Rc5 {[%clk 00:32:47]} {[%emt 00:01:54]} 22.
Rhc1 {[%clk 00:32:22]} {[%emt 00:02:58]} Rfc8 {[%clk 00:32:54]} {[%emt
00:00:24]} 23. a3 {[%clk 00:29:54]} {[%emt 00:02:58]} Qc7 {[%clk 00:31:10]}
{[%emt 00:02:14]} 24. Kd1 {[%clk 00:29:04]} {[%emt 00:01:19]} Ne7 {[%clk
00:26:15]} {[%emt 00:05:26]} 25. b4 {[%clk 00:20:24]} {[%emt 00:09:10]} Rxc1+
{[%clk 00:21:03]} {[%emt 00:08:19]} 26. Rxc1 {[%clk 00:20:47]} Qxc1+ {[%clk
00:20:56]} 27. Qxc1 {[%clk 00:21:12]} Rxc1+ {[%clk 00:21:21]} 28. Kxc1 {[%clk
00:21:40]} Nc6 {[%clk 00:21:35]} 29. Kc2 {[%clk 00:20:52]} {[%emt 00:00:10]}
Kf8 {[%clk 00:20:05]} {[%emt 00:01:42]} 30. Kc3 {[%clk 00:20:41]} {[%emt
00:00:41]} Ke7 {[%clk 00:19:47]} {[%emt 00:00:47]} 31. a4 {[%clk 00:20:57]}
{[%emt 00:00:14]} f6 {[%clk 00:17:33]} {[%emt 00:02:44]} 32. b5 {[%clk
00:13:57]} {[%emt 00:07:30]} axb5 {[%clk 00:15:02]} {[%emt 00:03:02]} 33. axb5
{[%clk 00:14:26]} {[%emt 00:00:02]} Na7 {[%clk 00:15:23]} {[%emt 00:00:09]} 34.
Kb4 {[%clk 00:11:47]} {[%emt 00:03:08]} b6 {[%clk 00:15:27]} {[%emt 00:00:26]}
35. Nd4 {[%clk 00:11:52]} {[%emt 00:00:24]} Nc8 {[%clk 00:12:23]} {[%emt
00:03:35]} 36. g4 {[%clk 00:07:38]} {[%emt 00:04:44]} fxe5 {[%clk 00:12:15]}
{[%emt 00:00:37]} 37. Nc6+ {[%clk 00:04:59]} {[%emt 00:03:10]} Kd6 {[%clk
00:08:52]} {[%emt 00:03:53]} 38. Nxe5 {[%clk 00:04:33]} {[%emt 00:01:16]} Ne7
{[%clk 00:08:03]} {[%emt 00:03:59]} 39. Nf7+ {[%clk 00:02:30]} {[%emt
00:00:12]} Kd7 {[%clk 00:08:19]} {[%emt 00:00:03]} 40. Ne5+ {[%clk 00:02:04]}
{[%emt 00:00:29]} Kd6 {[%clk 00:08:28]} {[%emt 00:00:21]} 41. Kc3 {[%clk
00:25:27]} {[%emt 00:07:07]} Nc8 {[%clk 00:33:44]} {[%emt 00:05:13]} 42. Nc6
{[%clk 00:21:38]} {[%emt 00:04:20]} Kc5 {[%clk 00:27:15]} {[%emt 00:07:00]} 43.
Nd4 {[%clk 00:21:56]} {[%emt 00:00:11]} Kd6 {[%clk 00:26:12]} {[%emt 00:01:34]}
44. f5 {[%clk 00:19:59]} {[%emt 00:02:27]} e5 {[%clk 00:25:09]} {[%emt
00:01:32]} 45. Ne6 {[%clk 00:19:08]} {[%emt 00:01:21]} g6 {[%clk 00:23:37]}
{[%emt 00:02:03]} 46. fxg6 {[%clk 00:19:19]} {[%emt 00:00:19]} hxg6 {[%clk
00:23:50]} {[%emt 00:00:16]} 47. Nf8 {[%clk 00:19:09]} {[%emt 00:00:40]} Ne7
{[%clk 00:23:54]} {[%emt 00:00:26]} 48. d4 {[%clk 00:18:18]} {[%emt 00:01:21]}
e4 {[%clk 00:22:35]} {[%emt 00:01:57]} 49. Kd2 {[%clk 00:16:10]} {[%emt
00:03:25]} Kc7 {[%clk 00:21:32]} {[%emt 00:00:38]} 50. h4 {[%clk 00:15:35]}
{[%emt 00:01:04]} Kd8 {[%clk 00:21:45]} {[%emt 00:00:17]} 51. Ke3 {[%clk
00:12:11]} {[%emt 00:03:54]} Ke8 {[%clk 00:21:41]} {[%emt 00:00:34]} 52. Ne6
{[%clk 00:12:11]} {[%emt 00:00:30]} Kf7 {[%clk 00:19:33]} {[%emt 00:02:39]} 53.
Nd8+ {[%clk 00:07:37]} {[%emt 00:05:04]} Ke8 {[%clk 00:14:58]} {[%emt
00:05:05]} 54. Nc6 {[%clk 00:07:36]} {[%emt 00:00:31]} Kd7 {[%clk 00:14:14]}
{[%emt 00:01:13]} 55. Nb4 {[%clk 00:07:06]} {[%emt 00:01:01]} Ke6 {[%clk
00:14:08]} {[%emt 00:00:36]} 56. Kf4 {[%clk 00:06:33]} {[%emt 00:01:03]} Kf6
{[%clk 00:12:50]} {[%emt 00:01:48]} 57. Nc6 {[%clk 00:06:26]} {[%emt 00:00:37]}
Nc8 {[%clk 00:08:37]} {[%emt 00:04:42]} 58. Ne5 {[%clk 00:05:00]} {[%emt
00:02:04]} Nd6 {[%clk 00:06:52]} {[%emt 00:04:19]} 59. Nd7+ {[%clk 00:03:12]}
{[%emt 00:00:11]} Ke6 {[%clk 00:07:09]} {[%emt 00:00:09]} 60. Nxb6 {[%clk
00:02:55]} {[%emt 00:00:48]} Nxb5 {[%clk 00:07:27]} {[%emt 00:00:11]} 61. Ke3
{[%clk 00:03:01]} {[%emt 00:00:24]} Na3 {[%clk 00:04:20]} {[%emt 00:03:37]} 62.
Kd2 {[%clk 00:02:39]} {[%emt 00:00:52]} Nb5 {[%clk 00:04:18]} {[%emt 00:00:32]}
63. Ke3 {[%clk 00:03:01]} {[%emt 00:00:09]} Na3 {[%clk 00:04:35]} {[%emt
00:00:13]} 64. Kd2 {[%clk 00:03:06]} {[%emt 00:00:24]} 1/2-1/2

[Event "ODJM A 2024"]
[Site "Willingen GER"]
[Date "2024.05.19"]
[Round "2"]
[White "Dietlmeier, Tobias"]
[Black "Bilenko, Yaroslav"]
[Result "1-0"]
[Termination "normal"]
[Board "15"]
[WhiteElo "1936"]
[BlackElo "2136"]
[WhiteClock "00:09:34"]
[BlackClock "00:21:32"]
[PlyCount "103"]
[WhiteFideId "16213963"]
[BlackFideId "34120165"]
[EventCountry "GER"]
[EventRounds "9"]
[EventType "swiss"]
[EventDate "2024.05.18"]

1. e4 {[%clk 01:30:43]} {[%emt 00:00:16]} c5 {[%clk 01:30:52]} {[%emt
00:00:09]} 2. Nf3 {[%clk 01:30:27]} {[%emt 00:00:46]} d6 {[%clk 01:31:03]}
{[%emt 00:00:19]} 3. d3 {[%clk 01:30:06]} {[%emt 00:00:50]} Nf6 {[%clk
01:30:41]} {[%emt 00:00:52]} 4. g3 {[%clk 01:29:57]} {[%emt 00:00:40]} g6
{[%clk 01:30:48]} {[%emt 00:00:23]} 5. Bg2 {[%clk 01:30:11]} {[%emt 00:00:16]}
Bg7 {[%clk 01:31:04]} {[%emt 00:00:14]} 6. O-O {[%clk 01:29:51]} {[%emt
00:00:50]} O-O {[%clk 01:30:21]} {[%emt 00:01:13]} 7. Re1 {[%clk 01:29:10]}
{[%emt 00:01:11]} Nc6 {[%clk 01:20:25]} {[%emt 00:10:26]} 8. c3 {[%clk
01:25:44]} {[%emt 00:03:55]} e5 {[%clk 01:17:10]} {[%emt 00:03:45]} 9. Na3
{[%clk 01:08:52]} {[%emt 00:17:23]} Re8 {[%clk 01:12:33]} {[%emt 00:05:07]} 10.
h3 {[%clk 01:02:36]} {[%emt 00:06:45]} h6 {[%clk 01:08:44]} {[%emt 00:04:19]}
11. Nc2 {[%clk 01:02:12]} {[%emt 00:00:54]} a6 {[%clk 00:58:58]} {[%emt
00:10:17]} 12. Be3 {[%clk 00:54:22]} {[%emt 00:08:20]} Rb8 {[%clk 00:55:24]}
{[%emt 00:04:04]} 13. Nd2 {[%clk 00:51:56]} {[%emt 00:02:55]} b5 {[%clk
00:39:33]} {[%emt 00:16:21]} 14. d4 {[%clk 00:50:30]} {[%emt 00:01:56]} Nd7
{[%clk 00:38:36]} {[%emt 00:01:28]} 15. d5 {[%clk 00:44:51]} {[%emt 00:06:09]}
Ne7 {[%clk 00:38:09]} {[%emt 00:00:57]} 16. a4 {[%clk 00:33:51]} {[%emt
00:11:30]} f5 {[%clk 00:36:20]} {[%emt 00:02:18]} 17. axb5 {[%clk 00:29:15]}
{[%emt 00:05:07]} axb5 {[%clk 00:36:27]} {[%emt 00:00:22]} 18. f3 {[%clk
00:27:38]} {[%emt 00:02:07]} Rf8 {[%clk 00:30:42]} {[%emt 00:06:15]} 19. Bf2
{[%clk 00:17:54]} {[%emt 00:10:15]} Nf6 {[%clk 00:28:17]} {[%emt 00:02:55]} 20.
b4 {[%clk 00:16:04]} {[%emt 00:02:19]} c4 {[%clk 00:25:11]} {[%emt 00:03:37]}
21. Ra5 {[%clk 00:10:41]} {[%emt 00:07:25]} Bd7 {[%clk 00:23:37]} {[%emt
00:00:31]} 22. Qe2 {[%clk 00:08:33]} {[%emt 00:02:39]} h5 {[%clk 00:19:02]}
{[%emt 00:05:05]} 23. Rea1 {[%clk 00:08:20]} {[%emt 00:00:42]} fxe4 {[%clk
00:18:25]} {[%emt 00:01:07]} 24. fxe4 {[%clk 00:08:20]} {[%emt 00:00:31]} Qc8
{[%clk 00:18:42]} {[%emt 00:00:13]} 25. Kh2 {[%clk 00:06:38]} {[%emt 00:02:12]}
h4 {[%clk 00:18:33]} {[%emt 00:00:38]} 26. Ra6 {[%clk 00:05:19]} {[%emt
00:01:49]} Nh5 {[%clk 00:17:51]} {[%emt 00:01:12]} 27. Nf1 {[%clk 00:03:57]}
{[%emt 00:01:51]} Rf6 {[%clk 00:11:05]} {[%emt 00:07:17]} 28. Ne1 {[%clk
00:03:52]} {[%emt 00:00:35]} Bh6 {[%clk 00:09:32]} {[%emt 00:02:03]} 29. Nf3
{[%clk 00:03:38]} {[%emt 00:00:44]} hxg3+ {[%clk 00:09:11]} {[%emt 00:00:51]}
30. Bxg3 {[%clk 00:03:56]} {[%emt 00:00:12]} Bf4 {[%clk 00:09:31]} {[%emt
00:00:10]} 31. Qf2 {[%clk 00:03:41]} {[%emt 00:00:45]} g5 {[%clk 00:06:59]}
{[%emt 00:03:02]} 32. Bxf4 {[%clk 00:03:51]} {[%emt 00:00:20]} Nxf4 {[%clk
00:06:05]} {[%emt 00:01:24]} 33. Qg3 {[%clk 00:03:53]} {[%emt 00:00:28]} g4
{[%clk 00:06:06]} {[%emt 00:00:29]} 34. Nxe5 {[%clk 00:04:07]} {[%emt
00:00:31]} Kg7 {[%clk 00:02:14]} {[%emt 00:05:01]} 35. Nxd7 {[%clk 00:04:10]}
{[%emt 00:00:03]} Qxd7 {[%clk 00:02:42]} 36. Ne3 {[%clk 00:03:32]} {[%emt
00:00:39]} Nxg2 {[%clk 00:01:59]} {[%emt 00:01:13]} 37. Kxg2 {[%clk 00:03:37]}
{[%emt 00:00:26]} Rf3 {[%clk 00:00:47]} {[%emt 00:01:41]} 38. Qxg4+ {[%clk
00:03:29]} {[%emt 00:00:38]} Qxg4+ {[%clk 00:01:16]} {[%emt 00:00:02]} 39. Nxg4
{[%clk 00:03:46]} {[%emt 00:00:12]} Rxc3 {[%clk 00:01:44]} {[%emt 00:00:02]}
40. Rxd6 {[%clk 00:03:14]} {[%emt 00:01:03]} Rc2+ {[%clk 00:00:51]} {[%emt
00:01:23]} 41. Kg3 {[%clk 00:30:13]} {[%emt 00:03:31]} Rc3+ {[%clk 00:27:32]}
{[%emt 00:03:48]} 42. Kf4 {[%clk 00:25:41]} {[%emt 00:05:02]} Ng6+ {[%clk
00:25:28]} {[%emt 00:02:35]} 43. Kg5 {[%clk 00:25:01]} {[%emt 00:01:09]} Nh8
{[%clk 00:25:47]} {[%emt 00:00:11]} 44. Nh6 {[%clk 00:18:21]} {[%emt 00:07:10]}
Rxh3 {[%clk 00:24:53]} {[%emt 00:01:24]} 45. Ra7+ {[%clk 00:17:20]} {[%emt
00:01:31]} Kf8 {[%clk 00:25:17]} {[%emt 00:00:07]} 46. Kg4 {[%clk 00:12:10]}
{[%emt 00:07:53]} Rh1 {[%clk 00:24:58]} {[%emt 00:00:10]} 47. Rh7 {[%clk
00:12:10]} {[%emt 00:00:08]} Rg1+ {[%clk 00:25:19]} {[%emt 00:00:02]} 48. Kf5
{[%clk 00:11:36]} {[%emt 00:00:10]} Rf1+ {[%clk 00:25:26]} {[%emt 00:00:12]}
49. Ke5 {[%clk 00:09:02]} {[%emt 00:03:03]} Re8+ {[%clk 00:23:51]} {[%emt
00:02:05]} 50. Kd4 {[%clk 00:09:10]} {[%emt 00:00:22]} Nf7 {[%clk 00:21:12]}
{[%emt 00:03:09]} 51. Nxf7 {[%clk 00:09:15]} {[%emt 00:00:25]} Rxf7 {[%clk
00:21:32]} {[%emt 00:00:10]} 52. Rh8+ {[%clk 00:09:34]} {[%emt 00:00:11]} 1-0

[Event "ODJM A 2024"]
[Site "Willingen GER"]
[Date "2024.05.19"]
[Round "2"]
[White "Bock, Marlon"]
[Black "Schäfer, Daniel"]
[Result "1-0"]
[Termination "normal"]
[Board "17"]
[WhiteElo "2049"]
[BlackElo "1916"]
[WhiteClock "00:32:22"]
[BlackClock "00:29:12"]
[PlyCount "57"]
[WhiteFideId "16244931"]
[BlackFideId "16235088"]
[EventCountry "GER"]
[EventRounds "9"]
[EventType "swiss"]
[EventDate "2024.05.18"]

1. d4 {[%clk 01:30:58]} {[%emt 00:00:01]} d5 {[%clk 01:30:58]} {[%emt
00:00:03]} 2. c4 {[%clk 01:31:24]} {[%emt 00:00:04]} e6 {[%clk 01:31:26]}
{[%emt 00:00:02]} 3. Nc3 {[%clk 01:31:44]} {[%emt 00:00:07]} c6 {[%clk
01:31:54]} {[%emt 00:00:04]} 4. Nf3 {[%clk 01:32:04]} {[%emt 00:00:10]} dxc4
{[%clk 01:32:21]} {[%emt 00:00:03]} 5. a4 {[%clk 01:32:27]} {[%emt 00:00:07]}
Bb4 {[%clk 01:32:48]} {[%emt 00:00:03]} 6. e3 {[%clk 01:32:46]} {[%emt
00:00:11]} b5 {[%clk 01:33:14]} {[%emt 00:00:04]} 7. Bd2 {[%clk 01:33:01]}
{[%emt 00:00:15]} a5 {[%clk 01:33:40]} {[%emt 00:00:05]} 8. axb5 {[%clk
01:33:26]} {[%emt 00:00:05]} Bxc3 {[%clk 01:34:08]} {[%emt 00:00:02]} 9. Bxc3
{[%clk 01:33:47]} {[%emt 00:00:09]} cxb5 {[%clk 01:34:37]} {[%emt 00:00:01]}
10. b3 {[%clk 01:34:01]} {[%emt 00:00:16]} Bb7 {[%clk 01:35:05]} {[%emt
00:00:02]} 11. bxc4 {[%clk 01:34:22]} {[%emt 00:00:09]} b4 {[%clk 01:35:33]}
{[%emt 00:00:02]} 12. Bb2 {[%clk 01:34:34]} {[%emt 00:00:18]} Nf6 {[%clk
01:36:00]} {[%emt 00:00:03]} 13. Bd3 {[%clk 01:34:49]} {[%emt 00:00:15]} O-O
{[%clk 01:36:23]} {[%emt 00:00:06]} 14. O-O {[%clk 01:34:49]} {[%emt 00:00:31]}
Nbd7 {[%clk 01:36:49]} {[%emt 00:00:03]} 15. Nd2 {[%clk 01:34:49]} {[%emt
00:00:30]} Qc7 {[%clk 01:36:58]} {[%emt 00:00:21]} 16. f3 {[%clk 01:23:56]}
{[%emt 00:11:24]} e5 {[%clk 01:36:00]} {[%emt 00:01:28]} 17. d5 {[%clk
01:20:59]} {[%emt 00:03:27]} Nb6 {[%clk 01:30:03]} {[%emt 00:06:28]} 18. f4
{[%clk 01:06:37]} {[%emt 00:14:51]} Nbd7 {[%clk 00:59:54]} {[%emt 00:30:38]}
19. Qf3 {[%clk 00:49:20]} {[%emt 00:17:47]} Rfe8 {[%clk 00:48:10]} {[%emt
00:12:15]} 20. Qg3 {[%clk 00:46:40]} {[%emt 00:03:09]} e4 {[%clk 00:41:00]}
{[%emt 00:07:40]} 21. Nxe4 {[%clk 00:40:20]} {[%emt 00:06:51]} Rxe4 {[%clk
00:28:54]} {[%emt 00:12:35]} 22. Bxe4 {[%clk 00:40:43]} {[%emt 00:00:08]} Qxc4
{[%clk 00:29:09]} {[%emt 00:00:15]} 23. Bf5 {[%clk 00:35:39]} {[%emt 00:05:34]}
g6 {[%clk 00:29:36]} {[%emt 00:00:02]} 24. Bxd7 {[%clk 00:33:54]} {[%emt
00:02:15]} Nxd7 {[%clk 00:30:05]} {[%emt 00:00:01]} 25. f5 {[%clk 00:33:10]}
{[%emt 00:01:14]} Qxd5 {[%clk 00:29:21]} {[%emt 00:01:14]} 26. fxg6 {[%clk
00:33:21]} {[%emt 00:00:20]} hxg6 {[%clk 00:29:42]} {[%emt 00:00:08]} 27. Rad1
{[%clk 00:33:23]} {[%emt 00:00:27]} Qe6 {[%clk 00:29:15]} {[%emt 00:00:57]} 28.
Rd6 {[%clk 00:32:07]} {[%emt 00:01:46]} Qe7 {[%clk 00:29:12]} {[%emt 00:00:34]}
29. Rxg6+ {[%clk 00:32:22]} {[%emt 00:00:15]} 1-0